LIBRARY & INFORMATION CENTRE, KCAET, TAVANUR

ONLINE PUBLIC ACCESS CATALOGUE (OPAC)

Journalist`s handbook / (Record no. 8943)

MARC details
000 -LEADER
fixed length control field 00461cam a2200181ua 4500
020 ## - INTERNATIONAL STANDARD BOOK NUMBER
ISBN 0-7069-1432-5
041 ## - LANGUAGE CODE
Language code of text/sound track or separate title eng
082 ## - DEWEY DECIMAL CLASSIFICATION NUMBER
Classification number 028.71070
Item number KAM/JO
100 ## - MAIN ENTRY--AUTHOR NAME
Personal name Kamath, M V .
245 ## - TITLE STATEMENT
Title Journalist`s handbook /
250 ## - EDITION STATEMENT
Edition statement 1 /
260 ## - PUBLICATION, DISTRIBUTION, ETC. (IMPRINT)
Place of publication New Delhi :
Name of publisher Vikas publishing house pvt ltd ,
Year of publication 1983.
300 ## - PHYSICAL DESCRIPTION
Number of Pages 314 ; .
942 ## - ADDED ENTRY ELEMENTS (KOHA)
Koha item type Books
Holdings
Withdrawn status Lost status Damaged status Home library Current library Date acquired Full call number Accession Number Koha item type
      KAUAET KAUAET 01/09/1986 028.71070 15536 Reference
free website counter